[Event "3rd GRENKE Chess Open 2018"]
[Site "Karlsruhe"]
[Date "2018.03.30"]
[Round "2"]
[White "Danin, Alexandre"]
[Black "Wachinger, Nikolas"]
[Result "1-0"]
[WhiteElo "2540"]
[BlackElo "2253"]
[Annotator "TA"]
[PlyCount "144"]
[EventDate "2018.??.??"]
[EventType "swiss"]
[EventCountry "GER"]
[SourceTitle "playchess.com"]
[Source "ChessBase"]
[SourceQuality "1"]

{[%evp 10,144,-22,-13,-14,-22,-8,-21,-16,-73,-20,-70,0,0,0,0,8,0,21,10,16,16,8,1,37,7,4,5,6,6,8,11,62,61,52,56,51,63,52,58,64,61,76,62,58,51,48,53,54,41,62,40,63,63,70,70,68,68,74,68,66,68,75,24,76,75,75,75,81,81,81,80,80,79,116,68,68,68,68,64,64,64,64,64,64,68,119,125,279,279,279,279,266,266,266,266,271,270,279,279,279,130,166,166,279,166,166,166,166,231,8,8,8,8,8,10,13,0,13,0,13,13,915,880,5068,5061,29980,29980,29982,29983,29983,29984,29983,29984,29990,29991,29991]} 1. d4 Nf6 2. g3 d5 3. Nf3 c5 4. Bg2 cxd4 5. Nxd4 e5 6. Nb3 Be6 {D02: 1 d4 d5 2 Nf3 sidelines, including 2...Nf6 3 g3 and 2...Nf6 3 Bf4} 7. O-O h6 (7... Be7 8. Bg5 Nbd7 9. Nc3 Rc8 10. e3 h6 11. Bxf6 Nxf6 12. Qe2 Qb6 13. Rfd1 e4 14. a4 {0-1 (29) Panchanathan,M (2494)-Vidit,S (2670) Reykjavik 2017}) 8. Nc3 Nc6 {The position is equal.} 9. Qd3 $146 (9. f4 $11 {keeps the balance.}) ({Predecessor:} 9. f4 exf4 10. Bxf4 Qb6+ 11. Kh1 d4 12. Ne4 Nd5 13. c3 f5 14. Ned2 Nxf4 15. Rxf4 dxc3 16. bxc3 {1-0 (31) Gabrielian,A (2520)-Sek,K (2450) Sochi 2016}) 9... Nb4 (9... Qd7 $17) 10. Qd2 Bf5 (10... a5 $15 11. a3 Nc6) 11. e4 $11 dxe4 12. Qe2 {[%cal Rc3e4]} Qc7 13. Nxe4 Nxe4 (13... Nxc2 {feels hotter.} 14. Rb1 a5 15. Nxf6+ gxf6 16. Qf3 Qd7) 14. Bxe4 Bxe4 15. Qxe4 Be7 16. Bd2 Nc6 17. Bc3 O-O 18. Rfe1 {[%cal Rc3e5]} Rac8 19. Rad1 {[%cal Rc3e5]} Rfd8 (19... f6 {with more complications.} 20. Qc4+ Kh8 21. Rd3 b6 22. Red1 Rcd8) 20. Rxd8+ Bxd8 (20... Qxd8 $11 21. Qg4 (21. Bxe5 Nxe5 22. Qxe5 Bf6 $11) 21... g6) 21. Bxe5 $14 Nxe5 22. Qxe5 Qxe5 23. Rxe5 $11 {[%mdl 4096] Endgame KRB-KRN} Bf6 24. Rc5 Re8 25. Rc7 Re1+ 26. Kg2 Rb1 27. Rxb7 Rxb2 28. Rxa7 Rxc2 29. Kf1 Rb2 30. Ra4 Be7 31. Re4 Ba3 32. Re2 {Black must now prevent Rxb2.} Rb1+ $1 33. Kg2 g6 34. Rc2 Kg7 35. h4 h5 36. Nd4 (36. Kf3 $16) 36... Kf6 (36... Rb4 $11 37. Ne2 Re4) 37. Nf3 Be7 38. Re2 Bd8 39. Re8 Be7 40. Ng5 Rb2 41. a4 Ra2 42. Ne4+ Ke6 43. Ra8 Kf5 44. Nc3 Rc2 45. Ra5+ Ke6 46. Ne4 Ra2 47. Ra7 Bd8 (47... Ra1 $14) 48. Ra6+ $16 Ke5 $2 (48... Ke7 $16 {was worth a try.} 49. Ng5 Ke8) 49. Nd6 $18 Ke6 50. Nb7+ $1 Ke7 51. Nxd8 Kxd8 {KR-KR} 52. Ra7 Ke8 53. a5 {[%cal Ba4a5,Ba5a6,Ba6a7][%mdl 32]} Kf8 54. a6 Kg7 55. Kf3 (55. Kf1 $18) 55... Kf6 $16 {[#]} 56. Ke3 $1 Ke6 (56... g5 $142 57. hxg5+ Kxg5) 57. Kd4 (57. f3 $142) 57... Rxf2 $18 {[#]} 58. Rc7 $1 {Strongly threatening a7.} Ra2 59. a7 f6 60. Kc5 {Hoping for Kb6.} Kf5 $1 61. Kb5 {And now Rc5+ would win.} Rb2+ $1 62. Ka4 Ra2+ 63. Kb5 {Threatens to win with Rc5+.} Rb2+ $1 64. Ka4 Ra2+ 65. Kb3 Ra6 $2 {[%mdl 8192]} (65... Ra1 $11) 66. Kb4 Kg4 67. Kb5 Rxa7 68. Rxa7 {White mates.} Kxg3 69. Rg7 g5 70. hxg5 fxg5 71. Rxg5+ Kh4 72. Rg6 Kh3 {Precision: White = 65%, Black = 55%.} 1-0

[Event "3rd GRENKE Chess Open 2018"]
[Site "Karlsruhe"]
[Date "2018.03.30"]
[Round "2"]
[White "Kollars, Dmitrij"]
[Black "Lavrinenkov, Vadim"]
[Result "1-0"]
[WhiteElo "2534"]
[BlackElo "2249"]
[Annotator "TA"]
[PlyCount "163"]
[EventDate "2018.??.??"]
[EventType "swiss"]
[EventCountry "GER"]
[SourceTitle "playchess.com"]
[Source "ChessBase"]
[SourceQuality "1"]

{[%evp 12,162,16,0,22,14,19,11,11,11,7,0,18,5,21,23,19,20,17,8,16,0,0,-6,-4,-14,-14,-11,-12,-37,0,-14,0,0,46,60,60,60,60,60,60,60,66,41,41,41,41,44,44,46,66,55,120,44,110,113,196,113,154,144,138,116,137,145,154,144,209,172,184,156,149,149,221,221,231,228,231,222,335,343,314,301,295,288,361,347,338,345,397,397,550,424,491,489,647,601,964,772,1420,1328,1567,1485,1485,1025,1572,1165,2158,2093,2163,2156,2038,1577,1418,1328,1328,1090,29973,29975,29976,29980,29980,29981,29986,29979,29978,29979,29981,29980,29980,29979,29980,29981,29981,29979,29982,29983,29983,29984,29984,29985,29991,29993,29993,29994,29994,29995,29995,29996,29996,29997,29998,29999,29999]} 1. e4 e5 2. Nf3 Nc6 3. Bb5 Nf6 4. d3 Bc5 5. Bxc6 dxc6 6. Nc3 Qe7 {C48: Four Knights: 4 Bb5, replies other than 4...Bb4} (6... O-O 7. Be3 Bd6 8. Bg5 Re8 9. h3 c5 10. Nd5 Be7 11. Nxe7+ Qxe7 12. O-O h6 13. Be3 Nd7 14. Nd2 {1-0 (29) Carlsen,M (2837)-Karjakin,S (2760) Riadh 2017}) 7. Be3 {LiveBook: 4 Games} Bd7 $146 ({Predecessor:} 7... Bb4 8. h3 Bxc3+ 9. bxc3 Nd7 10. O-O Nf8 11. Qb1 a5 12. Qb2 f6 13. Nh4 b6 14. f4 exf4 15. Bxf4 {½-½ (46) Motylev,A (2663)-Inarkiev,E (2693) Poikovsky 2013}) 8. Bxc5 Qxc5 {The position is equal.} 9. Qd2 O-O 10. h3 Rfe8 11. O-O Rad8 12. Ne2 {[%cal Bc3e2,Be2g3,Bg3f5][%mdl 32]} Bc8 13. Ng3 Nd7 14. b4 Qd6 15. Nf5 Qf6 16. Nh2 Nf8 17. Ng4 Qg6 18. f4 Bxf5 19. exf5 Qxf5 20. fxe5 Qg6 21. Qe3 b6 22. Rf3 {aiming for Rg3.} h5 {[#]} 23. Nf6+ $1 {[%mdl 512]} gxf6 24. Rg3 {Qf3 is the strong threat.} Rxe5 25. Rxg6+ fxg6 26. Qf2 $36 {[%mdl 2048] White is pushing.} Kf7 27. Re1 Rxe1+ 28. Qxe1 $14 {[%mdl 4096] Endgame KQ-KRN} Ne6 29. Qc3 {[%mdl 1024] White has compensation.} c5 30. a3 Rd5 31. Qc4 Rg5 (31... Rd4 $14 32. Qc3 Rd8) 32. c3 (32. Qa6 $1 $16) 32... Ke7 (32... Re5 $1 $14) 33. Qe4 $16 Kd6 (33... cxb4 $16 34. axb4 Kd7) 34. bxc5+ (34. b5 $18) 34... Rxc5 35. Qxg6 Rxc3 36. Qxh5 ({Much worse is} 36. Qxf6 $6 Rxa3 37. Qf3 a5 $11) 36... Rxd3 {[#]} 37. Qg4 $1 Ke7 38. h4 {[%cal Bh3h4,Bh4h5,Bh5h6][%mdl 32]} Rd7 (38... a5 $16 {keeps fighting.}) 39. Qf5 c5 40. h5 Ng5 41. h6 Rd8 (41... Rd1+ $16 42. Kf2 Rh1) 42. Qf4 $18 Rc8 43. Kf2 Kf7 {[#]} 44. Qg4 $1 {[%cal Rg4c8]} Rd8 (44... Re8 $142 45. h7 Kg6) 45. Qa4 a5 46. Qc6 Kg6 47. Qc7 ({Don't take} 47. Qxb6 $6 Rd4 $18) 47... Nf7 48. Qxb6 Rd2+ 49. Kf1 c4 50. Qxa5 Rd3 51. a4 Nxh6 52. Qc5 Nf5 53. g4 Ne3+ 54. Ke2 Nxg4 55. Qxc4 Rg3 56. Qf4 Rg1 57. a5 f5 58. Qd6+ Kg5 59. a6 Ra1 60. Qe7+ Kf4 61. a7 Ra2+ 62. Kd1 Kg3 63. Qb7 f4 64. a8=Q {White mates.} Rxa8 65. Qxa8 f3 66. Qb8+ Kg2 67. Qg8 Kg3 68. Qg5 Kh3 69. Ke1 Kg3 70. Kf1 f2 71. Ke2 Kh3 72. Qf5 Kg3 73. Qf3+ Kh4 74. Qf4 Kh3 75. Kf1 Nh2+ 76. Kxf2 {[%csl Gf2][%cal Rf4g3]} Ng4+ 77. Ke2 Nh2 78. Qg5 Ng4 79. Kf3 {[%cal Rg5h5]} Nh2+ 80. Kf4 {[%csl Gf4][%cal Rg5g3]} Nf1 81. Qg1 Ng3 82. Qxg3# {Precision: White = 73%, Black = 38%.} 1-0

[Event "3rd GRENKE Chess Open 2018"]
[Site "Karlsruhe"]
[Date "2018.03.30"]
[Round "2"]
[White "Lobron, Eric"]
[Black "Tuomainen, Felix"]
[Result "1-0"]
[WhiteElo "2503"]
[BlackElo "2242"]
[Annotator "TA"]
[PlyCount "57"]
[EventDate "2018.??.??"]
[EventType "swiss"]
[EventCountry "GER"]
[SourceTitle "playchess.com"]
[Source "ChessBase"]
[SourceQuality "1"]

{[%evp 17,57,58,55,46,43,30,57,56,60,53,77,75,84,87,77,50,58,59,68,68,68,66,69,58,63,54,65,75,87,77,93,82,238,239,156,104,489,486,2256,2179,2165,2125]} 1. Nf3 d6 2. d4 Bg4 3. e3 Nd7 4. Be2 g6 5. h3 Bxf3 6. Bxf3 c6 7. c4 Bg7 8. Nc3 Ngf6 9. O-O O-O 10. b3 {E61: King's Indian: Early deviations for White, including Smyslov System} Re8 11. Qc2 Qc7 12. Rd1 {White is slightly better.} Rad8 $146 ({Predecessor:} 12... e5 13. Bb2 exd4 14. Rxd4 d5 15. cxd5 cxd5 16. Rc1 Ne4 17. Nxd5 Qxc2 18. Rxc2 Bxd4 19. Bxd4 {1-0 (64) Bischoff,K (2561)-Bellini,F (2503) playchess.com INT 2003}) 13. Bb2 b5 14. cxb5 cxb5 15. Rac1 Qb6 16. Nd5 Nxd5 17. Bxd5 e6 18. Bc6 d5 19. a4 b4 {White should prevent ...Rc8.} 20. Qe2 a6 21. Rc2 Re7 22. a5 Qa7 23. Ba4 Bf8 24. Rdc1 {And now Rc7 would win.} Nb8 $2 (24... Nf6 $16) 25. e4 $18 Qb7 26. exd5 (26. Qe3 $142) 26... Bh6 $2 {[%mdl 8192] [#]} (26... exd5 $16 27. Qd2 h6) 27. d6 $1 {[%cal Rd6e7][%mdl 512] White is clearly winning.} Rxd6 (27... Red7 $142 28. Bxd7 Bxc1) 28. Rc8+ Bf8 29. Qe5 {Precision: White = 71%, Black = 46%.} 1-0

[Event "3rd GRENKE Chess Open 2018"]
[Site "Karlsruhe"]
[Date "2018.03.30"]
[Round "2"]
[White "Korpa, Bence"]
[Black "Hristodorescu, Daniel"]
[Result "1-0"]
[WhiteElo "2502"]
[BlackElo "2241"]
[Annotator "TA"]
[PlyCount "79"]
[EventDate "2018.??.??"]
[EventType "swiss"]
[EventCountry "GER"]
[SourceTitle "playchess.com"]
[Source "ChessBase"]
[SourceQuality "1"]

{[%evp 16,79,46,48,71,69,66,69,81,83,77,71,81,89,82,65,104,102,120,112,112,113,123,120,117,108,142,143,134,96,130,133,134,131,138,141,154,149,169,143,216,158,170,158,148,57,106,29,29,15,39,0,0,0,99,99,179,66,77,147,171,166,297,315,391,305]} 1. Nf3 Nf6 2. g3 g6 3. Bg2 Bg7 4. d4 O-O 5. c4 d6 6. O-O c6 7. Nc3 Bf5 8. Ne1 Qc8 {E62: King's Indian: Fianchetto: 6...c6 and Panno Variation (6...Nc6) without ...a6} (8... Be6 9. d5 cxd5 10. cxd5 Bd7 11. Be3 a5 12. Bd4 Na6 13. Nd3 b5 14. a3 b4 15. axb4 Nxb4 16. Qd2 Rb8 17. Nxb4 Rxb4 {0-1 (57) Ding,L (2774)-Carlsen,M (2837) Saint Louis 2017}) 9. e4 {LiveBook: 75 Games} Bg4 10. f3 $146 ({Predecessor:} 10. Qb3 Na6 11. Be3 Rb8 12. Nd3 Bh3 13. f3 Bxg2 14. Kxg2 Nc7 15. Rac1 Nd7 16. Ne2 {1-0 (44) Kurajica,B (2585)-Mohr,G (2430) Pula 1995}) 10... Be6 {White is slightly better.} 11. d5 Bd7 12. Be3 cxd5 13. cxd5 b5 14. Rc1 {And now Nxb5! would win.} Qb7 15. Nd3 b4 16. Ne2 {[%cal Bc3e2,Be2d4,Bd4c6][%mdl 32]} a5 17. Nd4 Na6 18. Nc6 Bxc6 19. dxc6 Qb5 20. Rf2 Rfc8 21. Bf1 $1 Qb8 22. Nf4 Nc5 23. Nd5 $1 {[%cal Rd5e7]} (23. Bxc5 $6 dxc5 24. Rxc5 Qb6 $14) 23... Nxd5 24. exd5 a4 25. Kg2 b3 26. a3 $1 (26. Bxc5 dxc5 27. axb3 Qxb3 $16) 26... h6 27. Qd2 Kh7 (27... h5 $16 {keeps fighting.} 28. Bxc5 dxc5) 28. g4 (28. Bxc5 dxc5 29. Rxc5 Qd6) 28... Qc7 29. h4 e6 {[#] intending ...exd5.} 30. h5 ({Don't take} 30. Bxc5 $6 dxc5 31. dxe6 (31. Rxc5 Qd6 $11) 31... Bf6 $14) (30. Bc4 $1 $16) 30... gxh5 31. Bd3+ (31. Bc4 $16) 31... Nxd3 $11 32. Qxd3+ Kh8 33. Rh1 ({Of course not} 33. gxh5 Rg8 $11) 33... Ra5 34. dxe6 fxe6 {[#]} (34... Re5 $11 {remains equal.}) 35. Qg6 $1 $36 {[%mdl 2048] White is in control.} Rg8 (35... Kg8 $16 {is a better defense.}) 36. Rxh5 ({White should play} 36. Bxh6 $18 Bd4 37. Qe4 Bxf2 38. Kxf2) 36... Rxh5 $14 37. Qxh5 Kh7 38. Qb5 Ra8 (38... Rb8 $142 39. Qxa4 d5) 39. Bb6 $18 Qf7 40. c7 {Precision: White = 67%, Black = 44%.} 1-0

[Event "3rd GRENKE Chess Open 2018"]
[Site "Karlsruhe"]
[Date "2018.03.30"]
[Round "2"]
[White "Bellahcene, Bilel"]
[Black "Blasco Coll, Andreu"]
[Result "1/2-1/2"]
[WhiteElo "2488"]
[BlackElo "2237"]
[Annotator "TA"]
[PlyCount "120"]
[EventDate "2018.??.??"]
[EventType "swiss"]
[EventCountry "GER"]
[SourceTitle "playchess.com"]
[Source "ChessBase"]
[SourceQuality "1"]

{[%evp 19,120,-2,0,-16,0,-5,5,0,12,-8,-20,-13,-10,-38,8,0,5,0,10,-14,-25,-19,-4,-40,-8,-8,-8,-8,0,-8,0,-90,-101,-93,-34,-42,0,-34,-34,-34,-34,-34,-34,-34,-34,-41,-41,-47,-34,-34,-34,-34,-34,-64,-55,-66,-48,-110,-110,-147,-146,-146,-146,-147,-146,-210,-77,-77,-77,-77,0,-84,-84,-104,-77,-77,-77,-104,-61,-144,-130,-202,-197,-204,-194,-206,-212,-200,-212,-199,-187,-295,-277,-308,-295,-224,0,0,0,0,0,0,0]} 1. e4 c6 2. d4 d5 3. e5 Bf5 4. h4 h5 5. Bd3 Bxd3 6. Qxd3 {B12: Caro-Kann: Advance Variation} Qa5+ 7. Nd2 e6 8. Ngf3 (8. Ne2 Ne7 9. O-O Nf5 10. Nf3 Qa6 11. Qd1 Be7 12. g3 c5 {½-½ (67) Nakamura,H (2787)-Artemiev,V (2697) Moscow 2018}) 8... Ne7 9. O-O Nf5 10. c4 Be7 {LiveBook: 5 Games} 11. g3 Nd7 12. Rd1 Rd8 13. Qe2 $146 g6 14. a3 {[%cal Ba2a3,Ba3a4,Ba4a5][%mdl 32]} Qa6 15. b3 Nb6 16. Bb2 O-O 17. a4 c5 18. a5 Nd7 19. dxc5 Bxc5 20. Kf1 Nb8 21. Rdc1 Be7 22. c5 Qxe2+ 23. Kxe2 a6 24. Ra4 Nc6 25. g4 (25. Ne1 $11) 25... hxg4 $17 26. Rxg4 Ng7 (26... Kh7 $17 27. b4 Rh8) 27. b4 Nh5 28. Rcg1 Kg7 {[%cal Bg8g7,Bg7f8,Bf8e8,Be8d7][%mdl 32]} 29. Ne1 Rh8 30. Nd3 Kf8 31. Nf3 Ke8 32. Rb1 Ng7 33. Bc3 Na7 {[%cal Bc6a7,Ba7b5,Bb5d4][%mdl 32]} 34. Rh1 Nb5 35. Bd2 Nf5 36. Nde1 Kd7 37. Ng2 Rh5 38. Ng5 (38. Nf4 $15) 38... Nbd4+ 39. Kd3 Nc6 40. f4 Bxg5 41. Rxg5 Rdh8 42. Rxh5 (42. Rg4 $17 {was necessary.}) 42... Rxh5 (42... gxh5 $19 {is more deadly.} 43. Ne3 Nxe3 44. Kxe3 Ne7) 43. Be1 Nce7 44. Bf2 Nc6 (44... Rh8 $17) 45. Kc3 (45. Be1 $1 $11) 45... Ng7 46. Rb1 Na7 47. Kd2 Nf5 48. Ke2 Kc6 49. Kd3 (49. Rh1 $15) 49... Kb5 $1 50. Be1 (50. Kc2 $17 {might work better.}) 50... Nc6 $19 51. Bf2 d4 52. Ke4 Rh8 ({But not} 52... Nxb4 $2 53. Be1 $18) 53. Ne1 Nxh4 54. Nc2 {[#]} Nf5 $1 55. Na3+ (55. Nxd4+ {is a better defense.} Ncxd4 56. Bxd4) 55... Ka4 56. Nc4 Rh2 ({Stronger than} 56... Nxb4 57. Nb6+ Kxa5 58. Be1 $11) 57. Be1 Rh3 $2 ({Better is} 57... Rh1 $19 58. Kf3 {[#]} Ne3 $1 {[%mdl 512]} 59. Nxe3 Rh3+ 60. Bg3 dxe3) 58. Ra1+ $11 {The position is equal.} Kb5 (58... Kb3 $5 59. Ra3+ $8 Kxc4 60. Rxh3 Ne3 $11) 59. Na3+ Ka4 {[%csl Gd4,Gf5][%cal Rh3e3]} 60. Nc4+ Kb5 {Precision: White = 36%, Black = 58%.} 1/2-1/2

[Event "3rd GRENKE Chess Open 2018"]
[Site "Karlsruhe"]
[Date "2018.03.30"]
[Round "2"]
[White "Baldauf, Marco"]
[Black "Schneider, Jana"]
[Result "1/2-1/2"]
[WhiteElo "2481"]
[BlackElo "2236"]
[Annotator "TA"]
[PlyCount "97"]
[EventDate "2018.??.??"]
[EventType "swiss"]
[EventCountry "GER"]
[SourceTitle "playchess.com"]
[Source "ChessBase"]
[SourceQuality "1"]

{[%evp 13,97,28,18,17,12,15,40,44,68,0,27,3,0,14,38,-23,-29,-26,-28,-24,-35,-30,0,0,0,9,0,0,51,41,152,0,110,13,40,15,44,38,134,113,64,79,235,102,395,383,727,587,522,230,230,230,230,230,29989,230,230,238,201,173,173,117,116,60,58,58,130,68,77,20,12,12,12,12,16,0,0,0,0,0,0,0,0,0,0,-1040]} 1. c4 e5 2. Nc3 Nc6 3. e3 Nf6 4. Nf3 d5 5. cxd5 Nxd5 6. Bb5 Nxc3 7. bxc3 Bd7 {LiveBook: 10 Games} 8. O-O {A28: English Opening: Four Knights Variation} (8. d4 Bd6 9. O-O O-O 10. Bxc6 Bxc6 11. dxe5 Bxf3 12. Qxf3 Bxe5 13. Ba3 c5 14. Bxc5 Bxh2+ 15. Kxh2 Qc7+ 16. Kg1 Qxc5 17. Qxb7 {½-½ (55) Shariyazdanov,A (2572)-Khismatullin,D (2674) Khanty-Mansiysk 2013}) 8... e4 9. Nd4 Ne5 10. Rb1 $146 {White is slightly better.} ({Predecessor:} 10. Bxd7+ Qxd7 11. Qc2 Nd3 12. f3 c5 13. Ne2 Rd8 14. fxe4 Bd6 15. Nf4 Bxf4 16. exf4 {0-1 (41) Beilfuss,W (2250)-Algars,O (1960) Vienna 2015}) 10... c6 11. Ba4 (11. f4 $1 $14 exf3 12. Nxf3) 11... Qc7 12. f3 exf3 13. Nxf3 Bd6 14. d4 (14. Nxe5 $14 Bxe5 15. Qh5) 14... Nxf3+ $11 15. Qxf3 Bxh2+ 16. Kh1 O-O-O $1 17. e4 {Strongly threatening e5.} Bd6 (17... Qg3 {is more complex.} 18. Qxg3 Bxg3 19. Rf3 Bb8 20. Rxf7 Rdf8) 18. e5 Be7 19. Bb3 $36 {[%mdl 2048] White has the initiative.} Be6 20. Be3 h5 (20... Rhf8 $11) 21. c4 {[%cal Bc3c4,Bc4c5][%mdl 1056] White has compensation.} Qd7 (21... Bg4 $1 $14 22. Qxf7 c5) 22. Qf4 $2 ({White should try} 22. d5 $1 $16 {[%cal Rd5e6]} cxd5 23. cxd5 Bxd5 24. Bxd5 Qxd5 25. Qxf7 Qxf7 26. Rxf7) 22... b6 (22... g5 $1 $11 23. Qe4 Kb8) 23. Rbd1 ({White should play} 23. Qf2 $16) 23... Bg4 (23... f6 $5) 24. Rd2 {Threatening d5.} f6 25. c5 Rhf8 {[#]} (25... fxe5 $1 $14 26. dxe5 Qc7) 26. e6 $1 $16 {[%cal Re6d7]} Bxe6 {[#] White must now prevent ...g5.} 27. d5 $1 {[%mdl 512]} Bxd5 $2 (27... g5 $16 28. Qg3 (28. dxe6 Qxd2 29. Qf3 Qb4 $11) 28... Bxd5 29. Bxd5 cxd5 30. cxb6 Qd6) (27... cxd5 28. cxb6) 28. Bxd5 (28. Rxd5 $18 {is the precise move to win.} cxd5 29. cxb6 axb6 30. Bxb6) 28... cxd5 $4 {[%mdl 8192]} (28... g5 $16 29. Qf3 cxd5) 29. cxb6 $18 axb6 $2 (29... Bd6 30. Qf3 (30. bxa7 Kb7 $18) 30... Kb7) 30. Bxb6 {Threatens to win with Rc2+.} Bd6 31. Qf3 (31. Rc1+ $142 Kb8 32. Qf3) 31... Qg4 32. Rc1+ ({Not} 32. Rxd5 Qh4+ 33. Qh3+ Qxh3+ 34. gxh3 Bc7 $11) 32... Kb8 {aiming for ...Qxf3.} 33. Bxd8 {Threatening mate with Rb2+.} Rxd8 $2 (33... Qxf3 $18 34. gxf3 (34. Rb2+ Ka7 $16) 34... Rxd8 35. Rxd5 g5) 34. Rxd5 $2 (34. Rb2+ {mates} Bb4 35. Qc3 Qc4 36. Rxb4+ Kc7 37. Rxc4+ dxc4 38. Qxc4+ Kd6 39. Qe4) 34... Qxf3 35. gxf3 {[%mdl 4096] Endgame KRR-KRB} g5 36. Rc6 Be7 37. Rb5+ (37. Rb6+ $18 Kc7 38. Rxd8 Bxd8 39. Ra6) 37... Ka7 $16 38. a4 ({Better is} 38. Rc7+ $16 Ka6 39. a4 Rd1+ 40. Kg2 Rd2+ 41. Kf1) 38... Rd1+ $14 39. Kg2 Bd8 (39... Bd6 $14) 40. Rc8 (40. a5 $16) 40... Bb6 41. Re8 (41. Rc4 $16) 41... Rd2+ $11 {The position is equal.} 42. Kf1 Rf2+ 43. Ke1 Rxf3 44. Re7+ Ka6 45. Ke2 Rf2+ 46. Ke1 Rf3 $1 47. Ke2 Rf2+ 48. Kd3 Rf3+ 49. Ke4 $2 {[%mdl 40960] Precision: White = 33%, Black = 34%. . An unexpected result.} (49. Kc2 $11 Rf2+ 50. Kd3 Rf3+ 51. Ke2) 1/2-1/2

[Event "3rd GRENKE Chess Open 2018"]
[Site "Karlsruhe"]
[Date "2018.03.30"]
[Round "2"]
[White "Fedorovsky, Michael"]
[Black "Svane, Frederik"]
[Result "1-0"]
[WhiteElo "2471"]
[BlackElo "2234"]
[Annotator "TA"]
[PlyCount "55"]
[EventDate "2018.??.??"]
[EventType "swiss"]
[EventCountry "GER"]
[SourceTitle "playchess.com"]
[Source "ChessBase"]
[SourceQuality "1"]

{[%evp 12,55,23,34,41,31,45,34,52,50,73,54,84,95,72,88,91,-36,105,96,113,103,131,133,165,170,213,213,210,210,217,214,879,851,1145,1117,2379,2370,2304,1204,2235,2054,29996,29997,29997,29998]} 1. d4 Nf6 2. c4 b6 3. Nc3 Bb7 4. f3 d5 5. cxd5 Nxd5 6. Nxd5 {A50: Queen's Fianchetto Defence (1 d4 Nf6 2 c4 b6)} Qxd5 7. e4 {LiveBook: 23 Games} Qd8 (7... Qd7 8. Bc4 g6 9. Qb3 e6 10. Ne2 Nc6 11. Bd2 Bg7 12. d5 exd5 13. Bxd5 Nd4 14. Nxd4 Bxd5 15. exd5 Bxd4 {1-0 (56) Aleksandrov,A (2589)-Stupak,K (2588) Katowice 2017}) 8. Be3 {White is slightly better.} e6 9. Bc4 $146 ({Predecessor:} 9. Qb3 Be7 10. Bd3 O-O 11. Ne2 Nd7 12. O-O-O c6 13. Kb1 Rc8 {1-0 (73) Dubinin,P-Chekhover,V Leningrad (Russia) 1934}) 9... g6 10. Ne2 Bg7 11. Qd2 Nd7 12. Bg5 Bf6 13. Bh6 c5 14. e5 (14. d5 $16) 14... Bh4+ (14... Bxe5 $1 $15 {stays ahead.} 15. Rd1 cxd4) 15. g3 $1 $16 Be7 16. d5 $1 $36 {[%cal Rd5e6][%mdl 2048] White is really pushing.} b5 17. Bxb5 exd5 {[#]} 18. Nf4 $1 {[%cal Rf4d5]} Bg5 {[#]} 19. Bxg5 $1 Qxg5 20. e6 fxe6 21. Nxe6 Qe5+ $2 (21... Qxd2+ 22. Kxd2 a6) 22. Kf2 $18 ({Not} 22. Qe2 Qxe2+ 23. Kxe2 Rc8 $14) 22... Qd6 23. Rhe1 Kf7 24. Qh6 Ne5 25. Qg7+ Kxe6 26. f4 Qd8 27. Rxe5+ Kd6 28. Qxb7 {Precision: White = 72%, Black = 34%.} 1-0

[Event "3rd GRENKE Chess Open 2018"]
[Site "Karlsruhe"]
[Date "2018.03.30"]
[Round "2"]
[White "Neukirchner, Pascal"]
[Black "Rapport, Richard"]
[Result "0-1"]
[WhiteElo "2285"]
[BlackElo "2715"]
[Annotator "TA"]
[PlyCount "76"]
[EventDate "2018.??.??"]
[EventType "swiss"]
[EventCountry "GER"]
[SourceTitle "playchess.com"]
[Source "ChessBase"]
[SourceQuality "1"]

{[%evp 12,76,27,24,40,24,25,21,39,17,28,0,34,4,7,11,9,5,12,3,16,25,21,28,33,31,22,18,39,0,19,0,-17,-18,-30,-54,-60,-39,-52,-66,-39,-33,-30,-68,-68,-69,-62,-68,-62,-61,-69,-129,-108,-116,-72,-139,-131,-116,-109,-254,-258,-522,-535,-501,-296,-715,-714]} 1. d4 e6 2. c4 Nf6 3. g3 Bb4+ 4. Bd2 Be7 5. Bg2 d5 6. Nf3 {E00: Catalan Bogo-Indian (3 g3 Bb4+)} Ne4 (6... O-O 7. O-O c6 8. Qb3 Nbd7 9. Bf4 a5 10. Rd1 Nh5 11. Bc1 Nhf6 12. Nbd2 b5 13. c5 b4 14. Qc2 a4 15. Re1 e5 16. Nxe5 Nxe5 17. dxe5 {1-0 (33) Caruana,F (2784)-So,W (2799) Berlin 2018}) 7. O-O {LiveBook: 7 Games} f5 8. Nc3 {White is slightly better.} c6 9. Bf4 Nd7 10. h4 O-O 11. Rc1 Qe8 $146 ({Predecessor:} 11... h6 12. Ne5 Qe8 13. Nxd7 Bxd7 14. cxd5 Nxc3 15. bxc3 cxd5 16. c4 Bc6 17. cxd5 exd5 {½-½ (47) Majchrak,J-Cibulka,V Prievidza 1973}) 12. Ne5 Nxe5 13. Bxe5 Nd6 14. cxd5 exd5 15. Qb3 {[#] Black must now prevent Nxd5!} Kh8 16. e3 Nc4 17. Qc2 Be6 18. Ne2 a5 19. Nf4 Bg8 20. Bh3 a4 21. Bxf5 Bd8 22. Bg6 Qe7 23. Bh5 Nxe5 24. dxe5 Qxe5 25. Bg4 Bf6 26. Nd3 Qe4 27. Bh3 d4 28. Bg2 Qg4 $36 {[%mdl 2048] Hoping for ...dxe3. Black has some pressure.} 29. e4 Bxa2 30. e5 Be7 31. Rce1 (31. Rfe1 $15) 31... Bb3 32. Qd2 Qe6 33. f4 ({Better is} 33. Rc1) 33... a3 34. bxa3 Rxa3 {[#] aiming for ...Qg6.} 35. Be4 (35. Ra1 $17 {was called for.}) 35... Ra2 $19 36. Nb2 $2 (36. f5 {was forced.} Qxf5 37. Rxf5 Rxd2 38. Rb1 Rxf5 39. Rxb3) 36... Ba3 37. Rb1 c5 38. Rf3 $2 (38. Qg2) 38... Bd5 {Precision: White = 29%, Black = 54%.} 0-1